[Event "MT_Janovec"]
[Site "?"]
[Date "2013.??.??"]
[Round "?"]
[White "Slavik, Miroslav"]
[Black "Lucan, Zdenko"]
[Result "1-0"]
[WhiteElo "2235"]
[BlackElo "1613"]
[PlyCount "32"]
[EventDate "2013.??.??"]
[EventType "corr"]
[EventRounds "2"]
[SourceDate "2010.08.23"]

1. c4 c5 2. Nf3 Nc6 3. d4 Nxd4 4. Nxd4 cxd4 5. Qxd4 Nf6 6. e4 Qb6 7. Qxb6 axb6
8. Nc3 e5 9. Bd2 Bb4 10. Bd3 d6 11. Ke2 h6 12. Nb5 O-O 13. Bxb4 Ne8 14. a3 Bd7
15. Nxd6 Nxd6 16. Bxd6 Rfe8 1-0

[Event "MT_Janovec"]
[Site "?"]
[Date "2013.??.??"]
[Round "?"]
[White "Pressl, Ladislav"]
[Black "Vins, Karel"]
[Result "1-0"]
[WhiteElo "2155"]
[BlackElo "1763"]
[PlyCount "76"]
[EventDate "2013.??.??"]
[EventType "corr"]
[EventRounds "2"]
[SourceDate "2010.08.23"]

1. d4 d5 2. c4 e6 3. cxd5 exd5 4. Nc3 Nf6 5. Bg5 Be7 6. Nf3 c6 7. e3 Bf5 8. Be2
Nbd7 9. O-O O-O 10. Rc1 h6 11. Bh4 Bd6 12. a3 Qe8 13. b4 Ne4 14. Nxe4 Bxe4 15.
Nd2 Bf5 16. Qb3 Qb8 17. Bg3 Bxg3 18. hxg3 Nf6 19. Rfe1 Qe8 20. Nf3 Qd7 21. Ne5
Qe6 22. a4 Nd7 23. Nxd7 Qxd7 24. b5 cxb5 25. Bxb5 Qe7 26. Qxd5 Be6 27. Qc5 Qxc5
28. Rxc5 Bb3 29. a5 Be6 30. Rc7 Rab8 31. e4 a6 32. Be2 b5 33. axb6 Rxb6 34. d5
Bc8 35. Ra1 Rd8 36. f4 Bd7 37. Rxa6 Rb1+ 38. Kh2 Rbb8 1-0

[Event "MT_Janovec"]
[Site "?"]
[Date "2013.??.??"]
[Round "?"]
[White "Goc, Pavel"]
[Black "Stepan, Josef"]
[Result "1-0"]
[WhiteElo "2118"]
[BlackElo "1845"]
[PlyCount "25"]
[EventDate "2013.??.??"]
[EventType "corr"]
[EventRounds "2"]
[SourceDate "2010.08.23"]

1. e4 c6 2. d4 d5 3. Nc3 dxe4 4. Nxe4 Nd7 5. Ng5 Ngf6 6. Bd3 e6 7. N1f3 Bd6 8.
Qe2 h6 9. Ne4 Nxe4 10. Qxe4 Nf6 11. Qh4 O-O 12. Bxh6 Nd5 13. Bg5 1-0

[Event "MT_Janovec"]
[Site "?"]
[Date "2013.??.??"]
[Round "?"]
[White "Kyzlink, Vladimir"]
[Black "Svoboda, Josef"]
[Result "1/2-1/2"]
[WhiteElo "2071"]
[BlackElo "1908"]
[PlyCount "82"]
[EventDate "2013.??.??"]
[EventType "corr"]
[EventRounds "2"]
[SourceDate "2010.08.23"]

1. e4 e5 2. Nf3 Nc6 3. Bc4 Bc5 4. c3 Bb6 5. d4 exd4 6. cxd4 d6 7. O-O Bg4 8.
Bb5 Bxf3 9. gxf3 Kf8 10. Bxc6 bxc6 11. Re1 Qf6 12. Be3 c5 13. dxc5 Bxc5 14. Nc3
Rb8 15. Bxc5 Qg5+ 16. Kh1 Qxc5 17. Re2 Nf6 18. Nd5 Nxd5 19. Rc2 Qa5 20. Qxd5
Qxd5 21. exd5 Ke7 22. Rxc7+ Kf6 23. b3 a5 24. Kg2 Rhc8 25. Rc6 Ke5 26. Rac1 Rf8
27. Rd1 g5 28. Rc7 Rbc8 29. Re7+ Kf5 30. Rd2 Rc5 31. a3 h5 32. Rd3 f6 33. b4
axb4 34. axb4 Rb5 35. Rd4 Rfb8 36. Ree4 Rc8 37. h4 Rc2 38. hxg5 fxg5 39. f4 Rd2
40. Rxd2 Kxe4 41. Re2+ Kf5 1/2-1/2

[Event "MT_Janovec"]
[Site "?"]
[Date "2013.??.??"]
[Round "?"]
[White "Svoboda, Josef"]
[Black "Fejfar, Vlastimil"]
[Result "0-1"]
[WhiteElo "1908"]
[BlackElo "2052"]
[PlyCount "74"]
[EventDate "2013.??.??"]
[EventType "corr"]
[EventRounds "2"]
[SourceDate "2010.08.23"]

1. d4 Nf6 2. c4 c5 3. d5 e6 4. Nc3 exd5 5. cxd5 Bd6 6. e4 O-O 7. Nf3 Re8 8. Bd3
Bc7 9. O-O d6 10. Bf4 Bg4 11. h3 Bxf3 12. Qxf3 Nbd7 13. Bb5 a6 14. Bxd7 Nxd7
15. Qg3 Qf6 16. Rfd1 b5 17. Qg4 Ne5 18. Bxe5 Qxe5 19. f4 Qe7 20. Re1 b4 21. Na4
Qf6 22. Rad1 Rad8 23. Kh1 a5 24. Rc1 Re7 25. Rc4 Rde8 26. Qf3 Qh6 27. Re3 f5
28. Qe2 Bb8 29. Qf3 Qg6 30. exf5 Qxf5 31. Rxe7 Rxe7 32. Qd1 Bc7 33. g4 Qf8 34.
Kg2 Re3 35. f5 Qe8 36. Rf4 Bd8 37. b3 Bh4 0-1

[Event "MT_Janovec"]
[Site "?"]
[Date "2013.??.??"]
[Round "?"]
[White "Stepan, Josef"]
[Black "Kyzlink, Vladimir"]
[Result "0-1"]
[WhiteElo "1845"]
[BlackElo "2071"]
[PlyCount "56"]
[EventDate "2013.??.??"]
[EventType "corr"]
[EventRounds "2"]
[SourceDate "2010.08.23"]

1. c4 e5 2. Nc3 Nf6 3. g3 c6 4. Bg2 d5 5. cxd5 cxd5 6. e3 Bb4 7. Nge2 Nc6 8. a3
Bxc3 9. Nxc3 O-O 10. O-O d4 11. exd4 exd4 12. Ne4 Re8 13. d3 Nxe4 14. dxe4 Qb6
15. b4 Be6 16. Bb2 Red8 17. Rc1 a5 18. Ba1 axb4 19. axb4 Nxb4 20. Re1 d3 21.
Rb1 Qc5 22. Qd2 Ra2 23. Rb2 Nc2 24. Rxa2 Bxa2 25. Rc1 Bb3 26. Qc3 Qxc3 27. Bxc3
Nd4 28. Bd2 Ne2+ 0-1

[Event "MT_Janovec"]
[Site "?"]
[Date "2013.??.??"]
[Round "?"]
[White "Vins, Karel"]
[Black "Goc, Pavel"]
[Result "0-1"]
[WhiteElo "1763"]
[BlackElo "2118"]
[PlyCount "50"]
[EventDate "2013.??.??"]
[EventType "corr"]
[EventRounds "2"]
[SourceDate "2010.08.23"]

1. e4 e5 2. Nf3 Nc6 3. Bb5 a6 4. Ba4 Nf6 5. O-O b5 6. Bb3 Bb7 7. d3 Bc5 8. Be3
Qe7 9. c3 O-O 10. Nbd2 Bxe3 11. fxe3 Na5 12. Bc2 d5 13. exd5 Nxd5 14. Qe2 c5
15. c4 Nb4 16. Nb1 e4 17. Ne1 exd3 18. Bxd3 Nxd3 19. Nxd3 Nxc4 20. Rc1 Rfe8 21.
Ne1 Nxe3 22. Nd2 Qf6 23. Ndf3 c4 24. Qf2 Rad8 25. Rc3 Nd1 0-1

[Event "MT_Janovec"]
[Site "?"]
[Date "2013.??.??"]
[Round "?"]
[White "Lucan, Zdenko"]
[Black "Pressl, Ladislav"]
[Result "0-1"]
[WhiteElo "1613"]
[BlackElo "2155"]
[PlyCount "52"]
[EventDate "2013.??.??"]
[EventType "corr"]
[EventRounds "2"]
[SourceDate "2010.08.23"]

1. f4 d5 2. Nf3 c5 3. g3 Nc6 4. c3 Nf6 5. d3 Bg4 6. Bg2 e6 7. e3 Be7 8. h3 Bxf3
9. Bxf3 a6 10. c4 Rc8 11. O-O O-O 12. a3 e5 13. cxd5 Nxd5 14. Bxd5 Qxd5 15. Nc3
Qd7 16. f5 Rcd8 17. e4 Qxd3 18. Qxd3 Rxd3 19. Kg2 Rfd8 20. Nd5 Kf8 21. Rf2 Nd4
22. Nxe7 Kxe7 23. Rb1 f6 24. Rd2 Nb3 25. Rxd3 Rxd3 26. h4 Rd1 0-1

[Event "MT_Janovec"]
[Site "?"]
[Date "2013.??.??"]
[Round "?"]
[White "Nevole, Milan"]
[Black "Slavik, Miroslav"]
[Result "1-0"]
[WhiteElo "2331"]
[BlackElo "2235"]
[PlyCount "43"]
[EventDate "2013.??.??"]
[EventType "corr"]
[EventRounds "2"]
[SourceDate "2010.08.23"]

1. Nf3 Nf6 2. g3 d5 3. Bg2 Nbd7 4. d4 e6 5. c4 dxc4 6. Qa4 a6 7. Qxc4 b5 8. Qd3
Bb7 9. Bf4 c5 10. O-O cxd4 11. Nbd2 Nd5 12. Qxd4 f6 13. Nb3 a5 14. Bd2 a4 15.
Nc1 e5 16. Qg4 Nc5 17. Nxe5 fxe5 18. Qh5+ Kd7 19. b4 Qe8 20. Qxe8+ Rxe8 21.
bxc5 e4 22. Rb1 1-0

[Event "MT_Janovec"]
[Site "?"]
[Date "2013.??.??"]
[Round "?"]
[White "Pressl, Ladislav"]
[Black "Nevole, Milan"]
[Result "0-1"]
[WhiteElo "2155"]
[BlackElo "2331"]
[PlyCount "36"]
[EventDate "2013.??.??"]
[EventType "corr"]
[EventRounds "2"]
[SourceDate "2010.08.23"]

1. e4 c5 2. Nf3 d6 3. d4 cxd4 4. Nxd4 Nf6 5. Nc3 a6 6. Bc4 e6 7. Bb3 Nbd7 8.
O-O Nc5 9. Re1 Be7 10. Bc4 Qc7 11. Bd3 b5 12. a3 O-O 13. Bg5 Rb8 14. f3 b4 15.
Nce2 bxa3 16. Ra2 axb2 17. Qb1 Nfxe4 18. Bxe4 Bxg5 0-1

[Event "MT_Janovec"]
[Site "?"]
[Date "2013.??.??"]
[Round "?"]
[White "Goc, Pavel"]
[Black "Lucan, Zdenko"]
[Result "1-0"]
[WhiteElo "2118"]
[BlackElo "1613"]
[PlyCount "43"]
[EventDate "2013.??.??"]
[EventType "corr"]
[EventRounds "2"]
[SourceDate "2010.08.23"]

1. e4 g6 2. d4 Bg7 3. Nc3 d6 4. f4 Nf6 5. Nf3 Bg4 6. h3 Bxf3 7. Qxf3 O-O 8. e5
dxe5 9. dxe5 Ne8 10. Qxb7 Nd7 11. Be3 Qb8 12. Qc6 Nb6 13. Ba6 Qd8 14. Bb7 Rb8
15. Rd1 Nd6 16. exd6 Qd7 17. dxc7 Qxc6 18. Bxc6 Rbc8 19. Bxb6 axb6 20. Rd7 Rfe8
21. Na4 e5 22. Nxb6 1-0

[Event "MT_Janovec"]
[Site "?"]
[Date "2013.??.??"]
[Round "?"]
[White "Kyzlink, Vladimir"]
[Black "Vins, Karel"]
[Result "1-0"]
[WhiteElo "2071"]
[BlackElo "1763"]
[PlyCount "63"]
[EventDate "2013.??.??"]
[EventType "corr"]
[EventRounds "2"]
[SourceDate "2010.08.23"]

1. e4 e5 2. Nf3 Nc6 3. Bc4 Bc5 4. c3 Nf6 5. d4 exd4 6. e5 d5 7. Bb5 Ne4 8. cxd4
Bb4+ 9. Bd2 Bxd2+ 10. Nbxd2 Nxd2 11. Qxd2 Be6 12. O-O O-O 13. Bxc6 bxc6 14.
Rfc1 Bd7 15. Rc3 Rb8 16. Rac1 h6 17. b3 Qe7 18. Rc5 Rb6 19. Qa5 Ra8 20. R1c3
Qd8 21. Rc1 Qb8 22. Qc3 a6 23. Ne1 Ra7 24. Nd3 Rb5 25. e6 fxe6 26. Ne5 Rxc5 27.
Qxc5 Be8 28. Rc3 Ra8 29. Qe7 Qc8 30. Rg3 g5 31. Ng4 h5 32. Nf6+ 1-0

[Event "MT_Janovec"]
[Site "?"]
[Date "2013.??.??"]
[Round "?"]
[White "Fejfar, Vlastimil"]
[Black "Stepan, Josef"]
[Result "1-0"]
[WhiteElo "2052"]
[BlackElo "1845"]
[PlyCount "31"]
[EventDate "2013.??.??"]
[EventType "corr"]
[EventRounds "2"]
[SourceDate "2010.08.23"]

1. e4 c6 2. f4 d5 3. e5 Bf5 4. Nf3 e6 5. d4 c5 6. Bb5+ Nc6 7. Be3 cxd4 8. Nxd4
Nge7 9. O-O a6 10. Bxc6+ bxc6 11. g4 Be4 12. Nc3 c5 13. Nb3 Bxc2 14. Qxc2 d4
15. Ne4 dxe3 16. Nd6+ 1-0

[Event "MT_Janovec"]
[Site "?"]
[Date "2013.??.??"]
[Round "?"]
[White "Vins, Karel"]
[Black "Fejfar, Vlastimil"]
[Result "0-1"]
[WhiteElo "1763"]
[BlackElo "2052"]
[PlyCount "74"]
[EventDate "2013.??.??"]
[EventType "corr"]
[EventRounds "2"]
[SourceDate "2010.08.23"]

1. e4 e5 2. Nf3 Nc6 3. Bb5 a6 4. Ba4 Nf6 5. d3 b5 6. Bb3 Bb7 7. Be3 Be7 8. c3
O-O 9. Nbd2 Ng4 10. Qe2 d6 11. h3 Nxe3 12. Qxe3 Na5 13. Bc2 c5 14. O-O Rc8 15.
Rac1 Qd7 16. b3 Nc6 17. Kh1 Qe6 18. Bd1 Qg6 19. Nh2 Bg5 20. Qe2 f5 21. Rc2 b4
22. Ndf3 bxc3 23. Rxc3 Nd4 24. Qe1 Bf4 25. g3 fxe4 26. dxe4 Bh6 27. Nh4 Qxe4+
28. Qxe4 Bxe4+ 29. f3 Nb5 30. Rc4 Bd3 31. Rg4 Bxf1 32. Nxf1 d5 33. Bc2 Nd4 34.
Bd1 c4 35. bxc4 dxc4 36. Re4 c3 37. Bb3+ Nxb3 0-1

[Event "MT_Janovec"]
[Site "?"]
[Date "2013.??.??"]
[Round "?"]
[White "Lucan, Zdenko"]
[Black "Kyzlink, Vladimir"]
[Result "1-0"]
[WhiteElo "1613"]
[BlackElo "2071"]
[PlyCount "49"]
[EventDate "2013.??.??"]
[EventType "corr"]
[EventRounds "2"]
[SourceDate "2010.08.23"]

1. b3 d5 2. Bb2 c5 3. d3 Nc6 4. g3 Nf6 5. Bg2 e5 6. h3 Qc7 7. e3 Be6 8. a3 Rd8
9. Nd2 Be7 10. Qe2 O-O 11. O-O-O b5 12. Kb1 b4 13. a4 Ne8 14. Ndf3 f6 15. Nh2
c4 16. dxc4 dxc4 17. Rxd8 Nxd8 18. Qd1 Nf7 19. Ne2 cxb3 20. cxb3 Ned6 21. Qc1
Bxb3 22. Qxc7 Ne8 23. Qxe7 Bc4 24. Ng1 Bd3+ 25. Ka1 1-0

[Event "MT_Janovec"]
[Site "?"]
[Date "2013.??.??"]
[Round "?"]
[White "Nevole, Milan"]
[Black "Goc, Pavel"]
[Result "1/2-1/2"]
[WhiteElo "2331"]
[BlackElo "2118"]
[PlyCount "36"]
[EventDate "2013.??.??"]
[EventType "corr"]
[EventRounds "2"]
[SourceDate "2010.08.23"]

1. Nf3 d5 2. g3 Nf6 3. d4 c6 4. Bg2 Bf5 5. O-O Nbd7 6. Nbd2 e6 7. Nh4 Bg4 8. h3
Bh5 9. c4 g5 10. Nhf3 g4 11. hxg4 Bxg4 12. Re1 Bh6 13. cxd5 cxd5 14. Ne5 Bf5
15. Ndc4 Bf8 16. Bg5 Be7 17. Qa4 O-O 18. Ne3 Nb6 1/2-1/2

[Event "MT_Janovec"]
[Site "?"]
[Date "2013.??.??"]
[Round "?"]
[White "Slavik, Miroslav"]
[Black "Pressl, Ladislav"]
[Result "1/2-1/2"]
[WhiteElo "2235"]
[BlackElo "2155"]
[PlyCount "30"]
[EventDate "2013.??.??"]
[EventType "corr"]
[EventRounds "2"]
[SourceDate "2010.08.23"]

1. d4 d5 2. c4 e6 3. Nc3 Bb4 4. Nf3 Nf6 5. Bg5 O-O 6. e3 c6 7. Bd3 Bd7 8. O-O
a6 9. Qb3 Bxc3 10. bxc3 Qc7 11. Rfe1 Re8 12. Rac1 c5 13. cxd5 exd5 14. c4 dxc4
15. Bxc4 Rf8 1/2-1/2

[Event "MT_Janovec"]
[Site "?"]
[Date "2013.??.??"]
[Round "?"]
[White "Goc, Pavel"]
[Black "Slavik, Miroslav"]
[Result "1/2-1/2"]
[WhiteElo "2118"]
[BlackElo "2235"]
[PlyCount "25"]
[EventDate "2013.??.??"]
[EventType "corr"]
[EventRounds "2"]
[SourceDate "2010.08.23"]

1. e4 c6 2. d4 d5 3. Nc3 dxe4 4. Nxe4 Nd7 5. Ng5 Ngf6 6. Bd3 e6 7. N1f3 h6 8.
Ne4 Nxe4 9. Bxe4 Nf6 10. Bd3 Bd6 11. Qe2 O-O 12. Bd2 Qc7 13. O-O-O 1/2-1/2

[Event "MT_Janovec"]
[Site "?"]
[Date "2013.??.??"]
[Round "?"]
[White "Kyzlink, Vladimir"]
[Black "Nevole, Milan"]
[Result "0-1"]
[WhiteElo "2071"]
[BlackElo "2331"]
[PlyCount "70"]
[EventDate "2013.??.??"]
[EventType "corr"]
[EventRounds "2"]
[SourceDate "2010.08.23"]

1. e4 c5 2. Nf3 d6 3. d4 cxd4 4. Nxd4 Nf6 5. Nc3 a6 6. Be2 e5 7. Nb3 Be6 8. O-O
Nc6 9. Be3 d5 10. exd5 Nxd5 11. Nxd5 Qxd5 12. Qb1 Bf5 13. Rd1 Qe6 14. Nc5 Qg6
15. Bd3 e4 16. Be2 Be7 17. Nxb7 O-O 18. Nc5 Bh3 19. g3 Ne5 20. c3 Bxc5 21. Bxc5
Qc6 22. Be3 f5 23. Bh5 f4 24. gxf4 Nd3 25. Rd2 Nxf4 26. Qd1 Qf6 27. Rd5 Rad8
28. Bxf4 Qxf4 29. Qd4 Kh8 30. Kh1 Rxd5 31. Qxd5 Qxf2 32. Qg5 g6 33. Rg1 Rf5 34.
Qd8+ Kg7 35. Qd1 Rxh5 0-1

[Event "MT_Janovec"]
[Site "?"]
[Date "2013.??.??"]
[Round "?"]
[White "Fejfar, Vlastimil"]
[Black "Lucan, Zdenko"]
[Result "1-0"]
[WhiteElo "2052"]
[BlackElo "1613"]
[PlyCount "45"]
[EventDate "2013.??.??"]
[EventType "corr"]
[EventRounds "2"]
[SourceDate "2010.08.23"]

1. e4 c6 2. f4 e6 3. d4 Ne7 4. Nf3 g6 5. Nc3 Bg7 6. Be3 d5 7. Qd2 h6 8. Bd3 Nd7
9. exd5 Nxd5 10. Nxd5 cxd5 11. O-O-O O-O 12. g4 Nf6 13. Ne5 Ne4 14. Qg2 Bxe5
15. fxe5 Kg7 16. Bxe4 dxe4 17. Qxe4 Qd5 18. Qf4 g5 19. Qf6+ Kh7 20. Bxg5 hxg5
21. h4 Qd8 22. hxg5+ Kg8 23. Qh8# 1-0

[Event "MT_Janovec"]
[Site "?"]
[Date "2013.??.??"]
[Round "?"]
[White "Svoboda, Josef"]
[Black "Stepan, Josef"]
[Result "1-0"]
[WhiteElo "1908"]
[BlackElo "1845"]
[PlyCount "49"]
[EventDate "2013.??.??"]
[EventType "corr"]
[EventRounds "2"]
[SourceDate "2010.08.23"]

1. Nf3 d5 2. d4 e6 3. g3 c5 4. Nc3 Nc6 5. Bg2 cxd4 6. Nxd4 Be7 7. e4 Nf6 8. O-O
O-O 9. a3 Nxd4 10. Qxd4 dxe4 11. Be3 Nd5 12. Nxe4 Nxe3 13. Qxe3 Qc7 14. Nc3 Bd7
15. Nd5 exd5 16. Qxe7 Rfe8 17. Qb4 Bc6 18. Rfe1 Rad8 19. Qd4 Re6 20. Qxa7 d4
21. Qc5 Qd6 22. Qxd6 Rexd6 23. Re7 Kf8 24. Rae1 Bb5 25. Rxb7 1-0

[Event "MT_Janovec"]
[Site "?"]
[Date "2013.??.??"]
[Round "?"]
[White "Vins, Karel"]
[Black "Svoboda, Josef"]
[Result "0-1"]
[WhiteElo "1763"]
[BlackElo "1908"]
[PlyCount "26"]
[EventDate "2013.??.??"]
[EventType "corr"]
[EventRounds "2"]
[SourceDate "2010.08.23"]

1. e4 e5 2. Nf3 Nf6 3. Nxe5 d6 4. Nf3 Nxe4 5. Qe2 Qe7 6. d4 Nc6 7. h3 d5 8. c3
Bf5 9. Be3 O-O-O 10. Nbd2 Qd6 11. O-O-O Nxc3 12. Qd3 Bxd3 13. Bxd3 Nxd1 0-1

[Event "MT_Janovec"]
[Site "?"]
[Date "2013.??.??"]
[Round "?"]
[White "Nevole, Milan"]
[Black "Fejfar, Vlastimil"]
[Result "1/2-1/2"]
[WhiteElo "2331"]
[BlackElo "2052"]
[PlyCount "39"]
[EventDate "2013.??.??"]
[EventType "corr"]
[EventRounds "2"]
[SourceDate "2010.08.23"]

1. Nf3 Nf6 2. g3 b5 3. Bg2 Bb7 4. O-O e6 5. d4 c5 6. c3 cxd4 7. cxd4 h6 8. a3
Be7 9. Nc3 a6 10. Qd3 O-O 11. Bf4 d5 12. Rfc1 Nc6 13. Ne5 Rc8 14. Nxc6 Bxc6 15.
Rc2 Bd6 16. Bxd6 Qxd6 17. Rac1 Rc7 18. Na2 Rfc8 19. Qc3 Ne8 20. Qb4 1/2-1/2

[Event "MT_Janovec"]
[Site "?"]
[Date "2013.??.??"]
[Round "?"]
[White "Slavik, Miroslav"]
[Black "Kyzlink, Vladimir"]
[Result "1/2-1/2"]
[WhiteElo "2235"]
[BlackElo "2071"]
[PlyCount "36"]
[EventDate "2013.??.??"]
[EventType "corr"]
[EventRounds "2"]
[SourceDate "2010.08.23"]

1. c4 e5 2. Nc3 Nf6 3. Nf3 Nc6 4. d4 exd4 5. Nxd4 Bb4 6. Bg5 h6 7. Nxc6 bxc6 8.
Bh4 O-O 9. e3 Re8 10. Bd3 Bb7 11. Qf3 Rb8 12. Bxf6 Qxf6 13. Qxf6 gxf6 14. Kd2
c5 15. Kc2 Bc6 16. Nd5 Bxd5 17. cxd5 Re5 18. Bc4 Kf8 1/2-1/2

[Event "MT_Janovec"]
[Site "?"]
[Date "2013.??.??"]
[Round "?"]
[White "Pressl, Ladislav"]
[Black "Goc, Pavel"]
[Result "0-1"]
[WhiteElo "2155"]
[BlackElo "2118"]
[PlyCount "56"]
[EventDate "2013.??.??"]
[EventType "corr"]
[EventRounds "2"]
[SourceDate "2010.08.23"]

1. e4 e5 2. Nf3 Nc6 3. Bb5 a6 4. Ba4 Nf6 5. Bxc6 dxc6 6. d3 Bd6 7. O-O Bg4 8.
Bg5 Qd7 9. h3 Bh5 10. Bxf6 gxf6 11. Nbd2 O-O-O 12. Kh1 Rhg8 13. Nc4 f5 14.
Nfxe5 Bxd1 15. Nxd7 Bxc2 16. Nf6 Rg6 17. Nxd6+ cxd6 18. Nd5 Bxd3 19. Ne7+ Kd7
20. Nxg6 Bxf1 21. Rxf1 fxg6 22. exf5 gxf5 23. Re1 Re8 24. Rxe8 Kxe8 25. f4 Ke7
26. g4 c5 27. Kg2 d5 28. Kf3 Kf6 0-1

[Event "MT_Janovec"]
[Site "?"]
[Date "2013.??.??"]
[Round "?"]
[White "Kyzlink, Vladimir"]
[Black "Pressl, Ladislav"]
[Result "1-0"]
[WhiteElo "2071"]
[BlackElo "2155"]
[PlyCount "35"]
[EventDate "2013.??.??"]
[EventType "corr"]
[EventRounds "2"]
[SourceDate "2010.08.23"]

1. e4 e5 2. Nf3 Nc6 3. Bc4 Nf6 4. Ng5 d5 5. exd5 Nxd5 6. d4 exd4 7. O-O Be7 8.
Nxf7 Kxf7 9. Qh5+ g6 10. Bxd5+ Be6 11. Qf3+ Bf6 12. Bxe6+ Kxe6 13. Re1+ Kf7 14.
Nd2 Kg7 15. Ne4 Be7 16. Qh3 h6 17. Bf4 Rc8 18. Rad1 1-0

[Event "MT_Janovec"]
[Site "?"]
[Date "2013.??.??"]
[Round "?"]
[White "Fejfar, Vlastimil"]
[Black "Slavik, Miroslav"]
[Result "1/2-1/2"]
[WhiteElo "2052"]
[BlackElo "2235"]
[PlyCount "37"]
[EventDate "2013.??.??"]
[EventType "corr"]
[EventRounds "2"]
[SourceDate "2010.08.23"]

1. e4 c6 2. d4 d5 3. e5 Bf5 4. Nf3 e6 5. Be2 c5 6. O-O Nc6 7. c3 Rc8 8. a3 c4
9. Nbd2 a6 10. b3 cxb3 11. Nxb3 Nb8 12. Bd2 Be4 13. Nc1 Ne7 14. Ng5 Bg6 15. Nd3
Nec6 16. Bh5 Na5 17. Nf4 Nc4 18. Nxg6 hxg6 19. Be2 1/2-1/2

[Event "MT_Janovec"]
[Site "?"]
[Date "2013.??.??"]
[Round "?"]
[White "Svoboda, Josef"]
[Black "Lucan, Zdenko"]
[Result "1-0"]
[WhiteElo "1908"]
[BlackElo "1613"]
[PlyCount "83"]
[EventDate "2013.??.??"]
[EventType "corr"]
[EventRounds "2"]
[SourceDate "2010.08.23"]

1. f4 d5 2. e3 c5 3. Nc3 Nf6 4. Nf3 Nc6 5. Bb5 Bd7 6. O-O e6 7. Ne5 Nxe5 8.
fxe5 Ng8 9. Qe2 Ne7 10. e4 d4 11. Qf3 Bxb5 12. Qxf7+ Kd7 13. Nxb5 Qe8 14. d3
Qxf7 15. Rxf7 b6 16. Bd2 Re8 17. Nxa7 Kd8 18. c3 dxc3 19. Bxc3 Kd7 20. Nb5 Kd8
21. Nd6 Ng6 22. Nxe8 Kxe8 23. Raf1 Rg8 24. Rb7 Ne7 25. Rb8+ Kd7 26. Rbxf8 Rxf8
27. Rf7 Rxf7 28. g3 Rf3 29. d4 b5 30. dxc5 Re3 31. Kf2 Rxe4 32. b4 Nd5 33. Bd2
Rxe5 34. a3 Kc8 35. Kf3 g5 36. g4 h6 37. h3 Nc7 38. Bc3 Rd5 39. Ke4 Rd1 40. Bg7
Ra1 41. Bxa1 Ne8 42. Bh8 1-0

[Event "MT_Janovec"]
[Site "?"]
[Date "2013.??.??"]
[Round "?"]
[White "Stepan, Josef"]
[Black "Vins, Karel"]
[Result "1-0"]
[WhiteElo "1845"]
[BlackElo "1763"]
[PlyCount "43"]
[EventDate "2013.??.??"]
[EventType "corr"]
[EventRounds "2"]
[SourceDate "2010.08.23"]

1. e4 e5 2. Nf3 d6 3. d4 Nd7 4. Bc4 c6 5. Ng5 Nh6 6. a4 Nb6 7. Bb3 a5 8. h3 Qf6
9. Be3 Nd7 10. Qd2 Qg6 11. O-O Be7 12. f4 exd4 13. Bxd4 f6 14. Ne6 Bd8 15. f5
Qg3 16. Rf3 Qh4 17. Bf2 Qxe4 18. Nxg7+ Kf8 19. Qxh6 Ne5 20. Ne6+ Ke8 21. Re3
Qxe3 22. Bxe3 1-0

[Event "MT_Janovec"]
[Site "?"]
[Date "2013.??.??"]
[Round "?"]
[White "Lucan, Zdenko"]
[Black "Stepan, Josef"]
[Result "0-1"]
[WhiteElo "1613"]
[BlackElo "1845"]
[PlyCount "76"]
[EventDate "2013.??.??"]
[EventType "corr"]
[EventRounds "2"]
[SourceDate "2010.08.23"]

1. Nf3 Nf6 2. g3 d5 3. Bg2 c5 4. d3 Nc6 5. Bg5 e5 6. Nbd2 Be7 7. c3 O-O 8. O-O
Bf5 9. Bxf6 Bxf6 10. Nh4 Bxh4 11. gxh4 Re8 12. Nf3 e4 13. dxe4 Bxe4 14. Nd2
Bxg2 15. Kxg2 Qxh4 16. Kh1 Re6 17. Nf3 Qh5 18. Qd3 Rh6 19. Rg1 Ne5 20. Qxd5
Nxf3 21. Qxf3 Qxf3+ 22. exf3 Rd8 23. Rad1 Rhd6 24. Rxd6 Rxd6 25. Kg2 Rd2 26.
Rb1 Kf8 27. a4 Ke7 28. c4 Kd6 29. b3 Rd3 30. f4 Kc6 31. f3 a6 32. Kg3 b5 33. a5
Rd2 34. h3 b4 35. h4 Ra2 36. h5 Rxa5 37. f5 Ra2 38. Kf4 a5 0-1

[Event "MT_Janovec"]
[Site "?"]
[Date "2013.??.??"]
[Round "?"]
[White "Pressl, Ladislav"]
[Black "Fejfar, Vlastimil"]
[Result "0-1"]
[WhiteElo "2155"]
[BlackElo "2052"]
[PlyCount "73"]
[EventDate "2013.??.??"]
[EventType "corr"]
[EventRounds "2"]
[SourceDate "2010.08.23"]

1. d4 Nf6 2. c4 e6 3. Nf3 d5 4. cxd5 exd5 5. Nc3 c6 6. Bg5 Bf5 7. e3 Nbd7 8.
Be2 Qb6 9. Qc1 Bd6 10. O-O Ne4 11. Nxe4 Bxe4 12. Nd2 Bf5 13. Bf3 O-O 14. Bh4
Qc7 15. Bg3 Bxg3 16. hxg3 Qd8 17. Qc3 Qe7 18. Rac1 Rfe8 19. Rfe1 Nf6 20. Qc5
Qe6 21. Qb4 Re7 22. Nb3 Rae8 23. Nc5 Qc8 24. Qa4 a6 25. Be2 Ne4 26. Nxe4 Bxe4
27. a3 Qf5 28. b4 Re6 29. Qb3 Qg5 30. a4 h5 31. Bf1 Rg6 32. b5 axb5 33. axb5 h4
34. gxh4 Qxh4 35. Qd1 Bxg2 36. Bxg2 Qh3 37. Kf1 0-1

[Event "MT_Janovec"]
[Site "?"]
[Date "2013.??.??"]
[Round "?"]
[White "Goc, Pavel"]
[Black "Kyzlink, Vladimir"]
[Result "1-0"]
[WhiteElo "2118"]
[BlackElo "2071"]
[PlyCount "79"]
[EventDate "2013.??.??"]
[EventType "corr"]
[EventRounds "2"]
[SourceDate "2010.08.23"]

1. d4 Nf6 2. Nf3 b6 3. Bg5 Bb7 4. Nbd2 e6 5. e4 h6 6. Bxf6 Qxf6 7. Bd3 Qd8 8.
Qe2 Be7 9. O-O-O c5 10. dxc5 bxc5 11. e5 Nc6 12. h4 Rb8 13. c3 d6 14. exd6 Bxd6
15. Nc4 Bf4+ 16. Kb1 Qe7 17. g4 Rd8 18. Rhe1 Qf6 19. h5 O-O 20. Qe4 Rfe8 21.
Qh7+ Kf8 22. Nfd2 Bxd2 23. Rxd2 Rd7 24. f4 Red8 25. Red1 Ba6 26. Qe4 Rd5 27.
Kc2 Bb5 28. b3 Ba6 29. Ne3 Bxd3+ 30. Rxd3 Rxd3 31. Rxd3 Rxd3 32. Kxd3 e5 33. f5
Qd6+ 34. Qd5 Qxd5+ 35. Nxd5 Nb8 36. Kc4 Nd7 37. Kb5 Ke8 38. a4 Kd8 39. a5 Kc8
40. Kc6 1-0

[Event "MT_Janovec"]
[Site "?"]
[Date "2013.??.??"]
[Round "?"]
[White "Fejfar, Vlastimil"]
[Black "Goc, Pavel"]
[Result "1/2-1/2"]
[WhiteElo "2052"]
[BlackElo "2118"]
[PlyCount "56"]
[EventDate "2013.??.??"]
[EventType "corr"]
[EventRounds "2"]
[SourceDate "2010.08.23"]

1. e4 e5 2. Bc4 Nf6 3. Nc3 c6 4. Nf3 d5 5. exd5 e4 6. Ne5 cxd5 7. Bb5+ Bd7 8.
Nxd7 Nbxd7 9. O-O Bb4 10. d3 O-O 11. Bd2 exd3 12. Bxd3 Re8 13. a3 Bd6 14. Bg5
Qc7 15. Nb5 Qc6 16. Nxd6 Qxd6 17. c3 h6 18. Be3 Ne5 19. Be2 a6 20. Re1 Re6 21.
Rc1 b5 22. a4 Nc4 23. axb5 Nxe3 24. fxe3 axb5 25. Bxb5 Qb6 26. Qe2 Rb8 27. c4
d4 28. Qf3 dxe3 1/2-1/2

[Event "MT_Janovec"]
[Site "?"]
[Date "2013.??.??"]
[Round "?"]
[White "Svoboda, Josef"]
[Black "Slavik, Miroslav"]
[Result "0-1"]
[WhiteElo "1908"]
[BlackElo "2235"]
[PlyCount "31"]
[EventDate "2013.??.??"]
[EventType "corr"]
[EventRounds "2"]
[SourceDate "2010.08.23"]

1. e4 c6 2. d4 d5 3. Nc3 dxe4 4. Nxe4 Nd7 5. Nf3 Ngf6 6. Nxf6+ Nxf6 7. h3 Bf5
8. Bd3 e6 9. Bxf5 Qa5+ 10. Bd2 Qxf5 11. O-O Bd6 12. Rb1 O-O 13. c4 Rfd8 14. g4
Qg6 15. c5 Bc7 16. Qb3 0-1